Using the building regulations : (Record no. 121542)
[ view plain ]
| 000 -LEADER | |
|---|---|
| fixed length control field | 01014pam a2200301 a 4500 |
| 005 - DATE AND TIME OF LATEST TRANSACTION | |
| control field | 20230616163001.0 |
| 008 - FIXED-LENGTH DATA ELEMENTS--GENERAL INFORMATION | |
| fixed length control field | 230616s2007 ne ab 001 0 eng d |
| 020 ## - INTERNATIONAL STANDARD BOOK NUMBER | |
| ISBN | 9780750662581 (pbk.) : |
| 041 ## - LANGUAGE CODE | |
| Language code of text/sound track or separate title | eng |
| 042 ## - AUTHENTICATION CODE | |
| Authentication code | ukblcatcopy |
| 082 04 - DEWEY DECIMAL CLASSIFICATION NUMBER | |
| Classification number | 343.4207869 |
| 100 1# - MAIN ENTRY--PERSONAL NAME | |
| Personal author | Billington, M. J. |
| 245 10 - TITLE STATEMENT | |
| Title | Using the building regulations : |
| Subtitle | site preparation and resistance to contaminants and moisture / |
| Statement of responsibility, etc | M.J. Billington. |
| 246 14 - VARIANT TITLE | |
| Title | Using the building regulations part C. |
| 246 3# - VARIANT TITLE | |
| Title | Site preparation and resistance to contaminants and moisture |
| 260 ## - PUBLICATION INFORMATION | |
| Place of publication | Amsterdam ; |
| -- | London : |
| Publisher | Butterworth-Heinemann, |
| Date | 2007. |
| 300 ## - PHYSICAL DESCRIPTION | |
| Physical description | xxii, 214 p. : |
| Other physical details | ill., 1 map ; |
| Dimensions | 24 cm. |
| 500 ## - GENERAL NOTE | |
| General note | Includes index. |
| 650 #0 - KEYWORDS | |
| Keywords | Building Regulations |
| 650 #0 - KEYWORDS | |
| Keywords | Contamination |
| 650 #0 - KEYWORDS | |
| Keywords | Damp |
| 650 #0 - KEYWORDS | |
| Keywords | Moisture |
| 651 ## - SUBJECT ADDED ENTRY--GEOGRAPHIC NAME | |
| Geographic name | United Kingdom |
| 690 ## - BROAD SUBJECT | |
| 9 (RLIN) | 6224 |
| Broad subject | Building regulations |
| 942 ## - ADDED ENTRY ELEMENTS (KOHA) | |
| Suppress in OPAC | Do not suppress in OPAC |
| 730 0# - ADDED ENTRY--UNIFORM TITLE | |
| Uniform title | Building Regulations 2000 |
| Lost status | Damaged status | Not for loan | Home library | Current library | Shelving location | Date acquired | Total Checkouts | Full call number | Date last seen | Price effective from | Koha item type |
|---|---|---|---|---|---|---|---|---|---|---|---|
| London | London | Books | 16/06/2023 | 343.4207869 | 23/06/2023 | 16/06/2023 | Book |